| 000 | 00356nam a22001457a 4500 | ||
|---|---|---|---|
| 082 |
_a627.52 _bSHA _cL-22, P-6 |
||
| 100 |
_aSharma, K.R _944058 |
||
| 245 | _aIrrigation Engineering | ||
| 250 | _a2 | ||
| 260 |
_aIndia _bIndia Printers |
||
| 300 |
_avii, P-841 _bill |
||
| 526 |
_a0 _b0 _c0 _d627_520000000000000_SHA |
||
| 650 |
_aMCE _9379 |
||
| 942 |
_2ddc _cBK |
||
| 999 |
_c547895 _d547895 |
||